| 000 | 00391 a2200133 4500 | ||
|---|---|---|---|
| 001 | 92298 | ||
| 082 | _aPR 2546 | ||
| 090 |
_c44253 _d44254 |
||
| 100 | _aZain ul Ababien and Irsa Nazeef; AzharHussain, Dr. and Salman Aslam, Dr. (Advisors) | ||
| 245 |
_aWearable Vital Signs Monitor Phase-I _n78 "B" EC |
||
| 260 |
_aIslamabad _bNUST _c2015 |
||
| 300 | _a86p. | ||
| 500 | _aBE Project Reports | ||
| 942 |
_aCAE NUST _kPR 2546 |
||
| 999 |
_c327371 _d327371 |
||